Use it, reuse it: (Record no. 8924)
[ view plain ]
| 000 -LEADER | |
|---|---|
| fixed length control field | 00956nam a22002657a 4500 |
| 001 - CONTROL NUMBER | |
| control field | 8924 |
| 003 - CONTROL NUMBER IDENTIFIER | |
| control field | FISKH |
| 005 - DATE AND TIME OF LATEST TRANSACTION | |
| control field | 20251110084806.0 |
| 008 - FIXED-LENGTH DATA ELEMENTS--GENERAL INFORMATION | |
| fixed length control field | 251110b cb ||||| |||| 00| 0 eng d |
| 020 ## - INTERNATIONAL STANDARD BOOK NUMBER | |
| International Standard Book Number | 9780545152280 |
| 040 ## - CATALOGING SOURCE | |
| Original cataloging agency | FISKH |
| Language of cataloging | eng |
| Transcribing agency | FISKH |
| Modifying agency | FISKH |
| 082 ## - DEWEY DECIMAL CLASSIFICATION NUMBER | |
| Classification number | 668.4 |
| 100 ## - MAIN ENTRY--PERSONAL NAME | |
| Personal name | Nelson, May |
| 245 ## - TITLE STATEMENT | |
| Title | Use it, reuse it: |
| Remainder of title | Plastic / |
| Statement of responsibility, etc. | by May Nelson |
| 260 ## - PUBLICATION, DISTRIBUTION, ETC. | |
| Place of publication, distribution, etc. | New York : |
| Name of publisher, distributor, etc. | Scholastic, |
| Date of publication, distribution, etc. | 2008. |
| 300 ## - PHYSICAL DESCRIPTION | |
| Extent | 28 pages : |
| Other physical details | color illustrations ; |
| Dimensions | 22 cm |
| 505 ## - FORMATTED CONTENTS NOTE | |
| Formatted contents note | G<br/> |
| 520 ## - SUMMARY, ETC. | |
| Summary, etc. | Use it, then reuse it! Follow a plastic bottle on its journey to a new life. What will it become? What is good about plastic? What do tennis balls have to do with plastic? What can YOU make out of plastic?<br/><br/> |
| 521 8# - TARGET AUDIENCE NOTE | |
| Target audience note | 360<br/> |
| Source | Lexile IG<br/><br/> |
| 521 8# - TARGET AUDIENCE NOTE | |
| Target audience note | G<br/> |
| Source | Raz-Plus<br/> |
| 650 ## - SUBJECT ADDED ENTRY--TOPICAL TERM | |
| Topical term or geographic name entry element | Physical science |
| Form subdivision | Juvenile literature |
| General subdivision | Environment |
| Chronological subdivision | Science Books |
| 650 ## - SUBJECT ADDED ENTRY--TOPICAL TERM | |
| Topical term or geographic name entry element | Recycling |
| Form subdivision | Non-fiction |
| General subdivision | Plastic |
| 942 ## - ADDED ENTRY ELEMENTS (KOHA) | |
| Source of classification or shelving scheme | Dewey Decimal Classification |
| Koha item type | Books |
| Suppress in OPAC | No |
| Withdrawn status | Lost status | Source of classification or shelving scheme | Damaged status | Not for loan | Collection | Home library | Current library | Shelving location | Date acquired | Total Checkouts | Full call number | Barcode | Date last seen | Copy number | Price effective from | Koha item type |
|---|---|---|---|---|---|---|---|---|---|---|---|---|---|---|---|---|
| Dewey Decimal Classification | Non-Fiction | Footprints International School Library Network Toul Tom Poung Campus | Footprints International School Library Network Toul Tom Poung Campus | TTP Primary Green Bookshelves | 11/10/2025 | NEL 668.4 | FISBK06392 | 11/10/2025 | 1 | 11/10/2025 | Books |
